| 000 | 00771nam a2200241 a 4500 | ||
|---|---|---|---|
| 001 | 67452 | ||
| 003 | BD-RjUL | ||
| 005 | 20211209081646.0 | ||
| 008 | 170325r19481935enk 001 0 eng d | ||
| 035 | _a(BD-RjUL) 67583 | ||
| 040 |
_aDLC _cCWR _dEQO _dBD-RjUL _beng |
||
| 041 | _aeng | ||
| 082 |
_a640.7 _223 _bSPF 1948 |
||
| 100 | 1 |
_aSpafford, Ivol, _d1889- _9199875 |
|
| 245 | 1 | 0 |
_aFundamentals in teaching home economics / _cby Ivol Spafford. |
| 250 | _a2nd ed. | ||
| 260 |
_aNew York : _bJ. Wiley & sons, inc., _c1935 [3rd printing 1948] |
||
| 300 |
_axiii, 424 p.; _c22 cm. |
||
| 504 | _aIncluses index and References at end of each chapter. | ||
| 650 | 0 |
_aHome economics _xStudy and teaching. _9150071 |
|
| 650 | 0 |
_aEducation _xPhilosophy. _9199876 |
|
| 942 |
_2ddc _cBK |
||
| 999 |
_c67452 _d67452 |
||